Sustaining marine fisheries

-д хадгалсан:
Номзүйн дэлгэрэнгүй
Байгууллагын зохиогчид: Committee on Ecosystem Management for Sustainable Marine fisheries (Зохиогч), Ocean Studies Board (Зохиогч), Commission on Geosciences, Environment, and Resources (Зохиогч), National Research Council (Зохиогч)
Формат: Ном
Хэл сонгох:англи
Хэвлэсэн: Washington, D.C National Academy 1999
Нөхцлүүд:
Шошгууд: Шошго нэмэх
Шошго байхгүй, Энэхүү баримтыг шошголох эхний хүн болох!

MARC

LEADER 00000nam a2200000 a 4500
001 UCN9221
003 CL-VaPUC
008 011130e19990000US |||||||||||||||||eng|d
082 0 4 |a 639.32  |b COM  |2 21 
110 2 |a Committee on Ecosystem Management for Sustainable Marine fisheries  |e author  |9 465737 
710 2 |a Ocean Studies Board  |e author  |9 465738 
710 2 |a Commission on Geosciences, Environment, and Resources  |e author  |9 465739 
710 2 |a National Research Council  |e author  |9 465740 
245 1 0 |a Sustaining marine fisheries 
300 |a 164 p 
942 |c BK 
945 |d 20011130 00:00:00  |a cmena 
260 |a Washington, D.C  |b National Academy  |c 1999 
650 7 |a PISCICULTURA  |2 CL-VaPUC  |9 259974 
650 0 |a Agua salada   |9 841212 
650 0 |a Ecología marina   |9 259946 
650 0 |a Industria pesquera  |9 255432 
583 |a last modification  |c 20180530 10:37:05  |k Rodrigo Vera 
999 |c 298741  |d 298739 
952 |0 0  |1 0  |4 0  |6 639_320000000000000_COM_1999  |7 0  |8 CCM  |9 354648  |a BIBCUR  |b BIBCUR  |d 2019-11-21  |i 3779661  |o 639.32 COM 1999  |p 3779661  |r 2025-04-22  |w 2019-11-21  |y BK  |k RNT